ბათუმის შოთა რუსთაველის სახელმწიფო უნივერსიტეტის ბიბლიოთეკა

არქეოლოგიური ძეგლის გათხრა (ბიბ.ჩანაწერი № 34469)

000 -ლიდერი
ფიქსირებული სიგრძის საკონტროლო ველი 01320nam a2200253Ia 4500
001 - საკონტროლო ნომერი
საკონტროლო ველი 218
003 - საკონტროლო ნომრის იდენტიფიკატორი
საკონტროლო ველი GE_BSU
005 - ბოლო ოპერაციის თარიღი და დრო
საკონტროლო ველი 20230627114319.0
008 - ფიქსირებული სიგრძის მონაცემთა ელემენტები - ზოგადი ინფორმაცია
ფიქსირებული სიგრძის საკონტროლო ველი 181216s1994||||ge |||||||||||||| ||geo||
020 ## - წიგნის საერთაშორისო სტანდარტული ნომერი
International Standard Book Number 0904818403
040 ## - კატალოგიზაციის წყარო
Transcribing agency GE_BSU
041 ## - ენის კოდი
Language code of text/sound track or separate title geo
080 ## - უნივერსალური ათობითი კლასიფიკაციის ინდექსი
Universal Decimal Classification number 902/904(479.22) ა-84
245 ## - ცნობა სათაურის შესახებ
Title არქეოლოგიური ძეგლის გათხრა
Remainder of title მეთოდიკა /
Statement of responsibility, etc ინგლისურიდან თარგმანი: მ. კაპანაძე; ქართ. ვერსიის რედ.: დ. ლომიტაშვილი; ლონდონის მუზეუმის არქეოლოგიური სამსახური.
250 ## - გამოცემის ცნობა
Edition statement მე-3 გამოცემა
264 ## - წარმოების, გამოცემის, დისტრიბუციის და სხვა ცნობები
გამოცემის, წარმოების, დისტრიბუციის... თარიღი 1994.
300 ## - ფიზიკური აღწერა
Extent 188 გვ.;
Other physical details 20 სმ.
653 ## - INDEX TERM--UNCONTROLLED
Uncontrolled term არქეოლოგიური ძეგლის გათხრა
653 ## - INDEX TERM--UNCONTROLLED
Uncontrolled term ქართულ-ინგლისური ექსპედიცია ნოქალაქევში
700 ## - ADDED ENTRY--PERSONAL NAME
Personal name ლომიტაშვილი, დავით
Relator term რედაქტორი
9 (RLIN) 18992
710 ## - ADDED ENTRY--CORPORATE NAME
Corporate name or jurisdiction name as entry element ლონდონის მუზეუმის არქეოლოგიური სამსახური
9 (RLIN) 18993
942 ## - ADDED ENTRY ELEMENTS (KOHA)
Koha item type წიგნი
Source of classification or shelving scheme
ეგზემპლარები
ჩამოწერის სტატუსი დაკარგული ეგზემპლარის სტატუსი კლასიფიკაციის წყარო ან თაროზე გაწყობის სქემა დაზიანების სტატუსი არ გაიცემა მუდმივი მდებარეობა (დაცვის ადგილი) ამჟამინდელი ადგილსამყოფელი თაროზე განთავსების ადგილი შეძენის თარიღი ღირებულება, შესყიდვის ნორმალური ფასი სრული შენახვის შიფრი შტრიხკოდი ბოლო ოპერაციის თარიღი ეგზემპლარის მიმდევრობითი ნომერი (კეტერი?) ფასის ძალაში შესვლის თარიღი ეგზემპლარის სახეობა საჯარო შენიშვნა Uniform Resource Identifier
          ბათუმის შოთა რუსთაველის სახელმწიფო უნივერსიტეტის მთავარი ბიბლიოთეკა ბათუმის შოთა რუსთაველის სახელმწიფო უნივერსიტეტის მთავარი ბიბლიოთეკა წიგნსაცავი 2018-12-17 6.00 902/904(479.22) ა-84 1264 2018-12-17 1264 2018-12-17 წიგნი 6 ლ.  
          ბათუმის შოთა რუსთაველის სახელმწიფო უნივერსიტეტის მთავარი ბიბლიოთეკა ბათუმის შოთა რუსთაველის სახელმწიფო უნივერსიტეტის მთავარი ბიბლიოთეკა წიგნსაცავი 2023-06-27 5.00 902/904(479.22) ა-84 64818 2023-06-27 64818 2023-06-27 წიგნი 5 ლ. ბსუ-ს საპატიო დოქტორის გურამ ლორთქიფანიძის საჩუქარი
          ბათუმის შოთა რუსთაველის სახელმწიფო უნივერსიტეტის მთავარი ბიბლიოთეკა ბათუმის შოთა რუსთაველის სახელმწიფო უნივერსიტეტის მთავარი ბიბლიოთეკა წიგნსაცავი 2023-06-29 5.00 902/904(479.22) ა-84 64864 2023-06-29 64864 2023-06-29 წიგნი 5.00 ბსუ-ს საპატიო დოქტორის გურამ ლორთქიფანიძის საჩუქარი